Невербальні засоби ділового спілкування (Запис № 284968)

МАРК-запис
000 -LEADER
fixed length control field 01286nam a22001577a 4500
041 ## - LANGUAGE CODE
Language code of text/sound track or separate title ukr
080 ## - UNIVERSAL DECIMAL CLASSIFICATION NUMBER
Universal Decimal Classification number 09
090 ## - LOCALLY ASSIGNED LC-TYPE CALL NUMBER (OCLC); LOCAL CALL NUMBER (OCLC)
Local cutter number (OCLC) ; Book number/undivided call number, CALL (RLIN) АНД
100 ## - MAIN ENTRY--PERSONAL NAME
Personal name Андрощук А.В.
245 ## - TITLE STATEMENT
Title Невербальні засоби ділового спілкування
260 ## - PUBLICATION, DISTRIBUTION, ETC. (IMPRINT)
Place of publication, distribution, etc Острог
Name of publisher, distributor, etc КАФ
Date of publication, distribution, etc 2012
300 ## - PHYSICAL DESCRIPTION
Extent 52
520 ## - SUMMARY, ETC.
Summary, etc Розділ 1. Спілкування. Його види та рівні.<br/>1.1 Теоритичні аспекти спілкування.<br/>1.2 Феномен ділового спілкування.<br/>Розділ 2. Невербальні форми спілкування. Їх зміст і завдання.<br/>2.1 Поняття про невербальну комунікацію.<br/>2.2 Класифікація невербальних засобів.<br/>Розділ 3. Особливості невербального спілкування в діловій сфері.<br/>Розділ 3. Особливості невербального спілкування в діловій сфері.<br/>3.1 Роль опитко-кінетичних засобів.<br/>3.2 Візуальний контакт.<br/>3.3 Проксеміка. Особистий простір.
-- спілкування, невербальний
650 ## - SUBJECT ADDED ENTRY--TOPICAL TERM
Topical term or geographic name as entry element Research Papers
942 ## - ADDED ENTRY ELEMENTS (KOHA)
Koha item type Книги
Фонди
Withdrawn status Lost status Source of classification or shelving scheme Damaged status Not for loan Home library Current library Date acquired Source of acquisition Cost, normal purchase price Total Checkouts Full call number Barcode Date last seen Price effective from Koha item type
    Universal Decimal Classification     ВІЛ - Відділ іноземн. літератури НБ ВІЛ - Відділ іноземн. літератури НБ 18/09/2012 Акт №5 1.00   09 215013 10/11/2021 18/09/2012 Книги